000 00886na a2200289 4500
001 14469
003 MIRAKIL
005 20181213154917.0
008 160828b tu 000 0
020 _a9751001196
035 _a14469
040 _aMilas
_btur
_cTR-AnCHP
082 _aDAN 419.3
_bÖ96o 2005
090 _aDAN 419.3 Ö96o 2005
100 _aÖzön, Mustafa Nihat
_d1896-1980
240 _aOsmanlıca Türkçe sözlük
245 _aBüyük Osmanlıca-Türkçe sözlük
_cMustafa Nihat Özön
246 _aFerhenga Kurdi - Tırki
246 _aOsmanlıca-Türkçe sözlük
250 _a9. bs.
260 _aİstanbul
_bİnkılap kitabevi
_c2005
300 _axlvi, 928 s.
_c24 sm.
500 _aKapakta adı: Osmanlıca Türkçe sözlük
650 _aOsmanlıca
_xSözlükler
_yTürkçe
650 _aTürk dili
_xSözlükler
_yOsmanlıca
942 _2ddc
_cBKS
999 _c3025
_d3025